000 00604aas a2200181 4500
999 _c50119
_d50119
001 768714001
003 CO-MdFUSB
005 20170913082618.0
008 170913s2001 ag ||||| |||| 00| 0 spa d
022 _a0326-6737
040 _aCO-MdFUSB
_bspa
_cCO-MdFUSB
_dCO-MdFUSB
041 _aspa
100 1 _aGarcía Bachmann, Mercedes
_eautor
245 1 0 _aReflexiones sobre la misión de la iglesia
_c/ García Bachmann, Mercedes
300 _aVolumen 20 (2001), páginas 247-257
_c: 23 cm.
773 0 _tCuadernos de Teología
_049404
_959701
_gVolumen 20 (2001), páginas 247-257
_qPágina 247
942 _cANA